<?xml version="1.0" encoding="UTF-8"?>
<record
    xmlns:xsi="http://www.w3.org/2001/XMLSchema-instance"
    xsi:schemaLocation="http://www.loc.gov/MARC21/slim http://www.loc.gov/standards/marcxml/schema/MARC21slim.xsd"
    xmlns="http://www.loc.gov/MARC21/slim">

  <leader>02071agaaa2200337   4500</leader>
  <controlfield tag="001">5203</controlfield>
  <controlfield tag="003">IT-RoPAU</controlfield>
  <controlfield tag="005">20220918181228.0</controlfield>
  <controlfield tag="007">d cvaizq</controlfield>
  <controlfield tag="008">50131s9999||||xx ||| |     ||   ||und||</controlfield>
  <datafield tag="040" ind1=" " ind2=" ">
    <subfield code="a">IT-RoPAU</subfield>
    <subfield code="c">IT-RoPAU</subfield>
  </datafield>
  <datafield tag="041" ind1=" " ind2=" ">
    <subfield code="a">ITALIANO</subfield>
  </datafield>
  <datafield tag="100" ind1=" " ind2=" ">
    <subfield code="a">Brooks James L.</subfield>
    <subfield code="g">Codice regista SPICS: 58031</subfield>
    <subfield code="9">39230</subfield>
  </datafield>
  <datafield tag="130" ind1=" " ind2=" ">
    <subfield code="a">DENTRO LA NOTIZIA</subfield>
    <subfield code="9">39231</subfield>
  </datafield>
  <datafield tag="240" ind1=" " ind2=" ">
    <subfield code="a">BROADCAST NEWS</subfield>
    <subfield code="g">T3468</subfield>
  </datafield>
  <datafield tag="245" ind1=" " ind2=" ">
    <subfield code="a">DENTRO LA NOTIZIA</subfield>
    <subfield code="c">Prodotto da: Brooks James L. -- Sceneggiatura: Brooks James L. -- Diretto da: Brooks James L.</subfield>
    <subfield code="p">DENTRO LA NOTIZIA (Rif. Codice opera principale : H5203)</subfield>
  </datafield>
  <datafield tag="246" ind1=" " ind2=" ">
    <subfield code="a">BROADCAST NEWS</subfield>
  </datafield>
  <datafield tag="250" ind1=" " ind2=" ">
    <subfield code="a">Edizione Standard</subfield>
  </datafield>
  <datafield tag="260" ind1=" " ind2=" ">
    <subfield code="a">(USA)</subfield>
    <subfield code="b">20TH CENTURY FOX -AMERCENT FILMS - GRACIE / Distribuzione: IL FOGLIO CINEMA</subfield>
    <subfield code="g">"1987 (1&#xB0; ed.: 2004 ; Ed. Lingua Orig.: 1987)"</subfield>
  </datafield>
  <datafield tag="300" ind1=" " ind2=" ">
    <subfield code="a">DVD</subfield>
    <subfield code="b">sonoro, col.</subfield>
    <subfield code="c">127 minuti</subfield>
  </datafield>
  <datafield tag="508" ind1=" " ind2=" ">
    <subfield code="a">"Fotografia: Ballhaus Michael; Montaggio: Marks Richard; Musica: Conti Bill; Sceneggiatura: Brooks James L.; Scenografia: Rosen Charles; "</subfield>
  </datafield>
  <datafield tag="511" ind1=" " ind2=" ">
    <subfield code="a">"Hurt William; Hunter Holly; Brooks Albert; Nicholson Jack; Chiles Lois; Cusack Joan"</subfield>
  </datafield>
  <datafield tag="520" ind1=" " ind2=" ">
    <subfield code="a">NON CI POSSONO FARE NULLA. ERANO GIA' COSI' DA BAMBINI. TOM E' UN ANCHORMAN IN ASCESA, JANE UNA PRODUCER CON GRANDE MESTIERE E UNA COSCIENZA ADEGUATAARON UN REPORTER DI VALORE E ONESTA' PROVATA, MA INCAPACE DI BUCARE LO SCHERMO. TRE VITE SI INCONTRANO E SI SCONTRANO NELLA REDAZIONE DI UN GRANDE NETWORK TELEVISIVO. NASCONO E MUOIONO AMORI, SI ACCENDONO E SI SPENGONO RIVALITA' E SOLIDARIETA'. C'E', IN CHIAVE DI COMMEDIA MESTA, UN DISCORSO SULLA MORALE DEL MESTIERE DI GIORNALISTA (TELEVISIVO). GIORNALISMO, ARRIVISMO, TELEVISIONE. REDAZIONE GIORNALISTICA TV.</subfield>
  </datafield>
  <datafield tag="538" ind1=" " ind2=" ">
    <subfield code="a">PAL, STEREO</subfield>
  </datafield>
  <datafield tag="546" ind1=" " ind2=" ">
    <subfield code="a">ITALIANO</subfield>
  </datafield>
  <datafield tag="650" ind1=" " ind2=" ">
    <subfield code="a">COMMEDIA</subfield>
    <subfield code="e">DVD-FILM [DVD]</subfield>
    <subfield code="x">Codice MATERIA SPICS: 9947</subfield>
    <subfield code="9">36668</subfield>
  </datafield>
  <datafield tag="700" ind1=" " ind2=" ">
    <subfield code="a">Brooks James L. </subfield>
    <subfield code="e">(regista)</subfield>
    <subfield code="g">Codice regista SPICS: 58031</subfield>
    <subfield code="9">39232</subfield>
  </datafield>
  <datafield tag="700" ind1=" " ind2=" ">
    <subfield code="a">Brooks James L. </subfield>
    <subfield code="e">(soggetto)</subfield>
    <subfield code="g">Codice Soggetto SPICS: 58031</subfield>
    <subfield code="9">39233</subfield>
  </datafield>
  <datafield tag="700" ind1=" " ind2=" ">
    <subfield code="a">Conti Bill</subfield>
    <subfield code="e">(musica)</subfield>
    <subfield code="g">Codice Musica SPICS: 18902</subfield>
    <subfield code="9">39234</subfield>
  </datafield>
  <datafield tag="942" ind1=" " ind2=" ">
    <subfield code="c">DV</subfield>
    <subfield code="2">ddc</subfield>
  </datafield>
  <datafield tag="999" ind1=" " ind2=" ">
    <subfield code="c">105059</subfield>
    <subfield code="d">105059</subfield>
  </datafield>
  <datafield tag="952" ind1=" " ind2=" ">
    <subfield code="0">0</subfield>
    <subfield code="1">0</subfield>
    <subfield code="4">0</subfield>
    <subfield code="6">H_5203_000000000000000</subfield>
    <subfield code="7">1</subfield>
    <subfield code="a">SPICS</subfield>
    <subfield code="b">SPICS</subfield>
    <subfield code="d">2015-01-31</subfield>
    <subfield code="l">0</subfield>
    <subfield code="o">H5203</subfield>
    <subfield code="r">2015-01-31 00:00:00</subfield>
    <subfield code="w">2015-01-31</subfield>
    <subfield code="y">DV</subfield>
    <subfield code="z">Progr. Ins.: 3222 / N.Vol.:1 / Copie: 1 / Pag.:0 / Copia rara: n.d. / date import: 1.2.2015 / By Epidotti, Trombetti, Vaglietti</subfield>
  </datafield>
</record>
